[Event "Samara-chB"]
[Site "Samara"]
[Date "2009.12.13"]
[Round "8"]
[White "Porubov, Viatcheslav"]
[Black "Rumyantsev, Nikolay"]
[Result "1-0"]
[WhiteElo "1856"]
[BlackElo "1822"]
[PlyCount "73"]
[EventDate "2009.12.06"]
[EventType "swiss"]
[EventRounds "9"]
[EventCountry "RUS"]
[SourceTitle "EXT 2012"]
[Source "ChessBase"]
[SourceDate "2011.11.24"]
[SourceVersion "1"]
[SourceVersionDate "2011.11.24"]
[SourceQuality "1"]

1. d4 Nf6 2. c4 e5 3. dxe5 Ng4 4. Nf3 Nc6 5. Bg5 f6 6. exf6 gxf6 7. Bh4 d6 8. e3 Qe7 9. Be2 Bh6 10. Nc3 Qf7 11. Nd4 Rg8 12. h3 Nge5 13. Nxc6 bxc6 14. f4 Ng6 15. Bh5 Bd7 16. Qd4 Bg7 17. Qe4+ Kf8 18. f5 Re8 19. fxg6 hxg6 20. Bxg6 Rxe4 21. Bxf7 Rxh4 22. Bxg8 Kxg8 23. b3 f5 24. Kd2 Be5 25. g3 Rh7 26. Raf1 Rg7 27. Ne2 Kh7 28. g4 Rg5 29. gxf5 Bxf5 30. h4 Rh5 31. Nf4 Rh6 32. h5 Be4 33. Rh4 d5 34. Nd3 Bf6 35. Rhf4 Kg7 36. Nc5 Bh7 37. Ne6+ 1-0

[Event "Samara-chB"]
[Site "Samara"]
[Date "2009.12.06"]
[Round "1"]
[White "Porubov, Viatcheslav"]
[Black "Prikhodko, Anton"]
[Result "0-1"]
[WhiteElo "1856"]
[BlackElo "2070"]
[PlyCount "88"]
[EventDate "2009.12.06"]
[EventType "swiss"]
[EventRounds "9"]
[EventCountry "RUS"]
[SourceTitle "EXT 2012"]
[Source "ChessBase"]
[SourceDate "2011.11.24"]
[SourceVersion "1"]
[SourceVersionDate "2011.11.24"]
[SourceQuality "1"]

1. e4 c5 2. Nf3 e6 3. Bc4 a6 4. a4 Nc6 5. Nc3 Nf6 6. 0-0 Be7 7. Re1 d5 8. exd5 exd5 9. Be2 0-0 10. d4 c4 11. Bg5 h6 12. Bh4 Be6 13. h3 Qb6 14. Rb1 Rad8 15. Bf1 Bf5 16. Re3 Rfe8 17. Bxf6 gxf6 18. Nh4 Be6 19. Rg3+ Kh7 20. Ne2 f5 21. Nf3 Bd6 22. Ne5 Nxd4 23. Re3 Nc6 24. Nxc6 bxc6 25. b3 cxb3 26. Rexb3 Qc5 27. Rc3 Qa5 28. Rxc6 Qxa4 29. Rbb6 Be5 30. Rxa6 Qh4 31. g3 Qg5 32. Qd3 Qg7 33. f4 Bf6 34. Kh2 h5 35. Bg2 Rc8 36. Bxd5 Rcd8 37. Rd6 Bxd5 38. Rxf6 Be6 39. Qc3 Rc8 40. Qb2 Bc4 41. Ng1 Bxa6 42. Nf3 Re2+ 43. Kh1 Rcxc2 44. Qa1 Bb7 0-1